| 000 | 00590nam a22001937a 4500 | ||
|---|---|---|---|
| 005 | 20251108170531.0 | ||
| 008 | 250721s1997 xx 000 0 ara d | ||
| 082 | 1 | 4 | _a813.909567/يوس |
| 100 | 1 | _aيوسف، أمنة | |
| 245 | 1 | 0 | _aتقنيات السرد في النظرية والتطبيق / |
| 264 | 1 |
_aاللاذقية : _bدار الحوار للنشر والتوزيع، _c1997. |
|
| 300 | _a154ص | ||
| 650 | 1 | 7 | _aالقصص العربية |
| 650 | 1 | 7 | _aالروايات |
| 650 | 1 | 7 | _aالنقد الأدبي |
| 650 | 1 | 7 | _aاليمن |
| 942 |
_2ddc _cBK |
||
| 999 |
_c42841 _d42841 |
||